000 00655nam a2200241Ia 4500
003 OSt
005 20220925222413.0
006 a|||||r|||| 00| 0
007 ta
008 220923b |||||||| |||| 00| 0 eng d
037 _cGeneral Book
040 _aRTL
_cRTL
_beng
041 _2eng
_aeng
082 _aY, L1
100 _aGoffman Erving
245 0 _aRelations in public
_b Microstudies of the public or
260 _aLondon
_bPenguin Press
_c1971
300 _axviii, 396p
_ccm.
500 _aAppendixes P 335-90
650 _aEssays Sociology
942 _hY, L1
_cGB
_2CC
999 _c576954
_d576954